000 00743nam a2200193 i 4500
001 142659
003 ES-MaACL
005 20230906200603.0
007 t|
008 071009s1968 sp ||||1| spa d
100 1 _aVilaseca Anguera, Salvador.
_9114839
245 1 4 _aLas estaciones prehistóricas del Pla del Maset (Cap de Salou) y Les Gavarres (Constantí) /
_cpor Salvador Vilaseca Anguera y Ramón Capdevila.
260 _aReus :
_bInstituto de Estudios Tarraconenses "Ramón Berenguer IV",
_c1968.
300 _a52 p. :
_bil. ;
_c25 cm.
650 1 4 _aMesolítico.
_915005
700 1 _aCapdevila, Ramón.
_934799
710 2 _aInstituto de Estudios Tarraconenses "Ramón Berenguer IV"
_94935
852 _aES-MaACL
_j2067-F-21
_bR.68994
999 _c142659
_d142659